Octopath Traveler Character Quiz - Statistics

General Stats
  • This quiz has been taken 59 times
  • The average score is 4 of 8
Answer Stats
Traveler % Correct
Therion
87%
H'aanit
81%
Primrose Azelhart
48%
Cyrus Albright
46%
Alfyn Greengrass
38%
Olberic Eisenberg
35%
Tressa Colzione
33%
Ophilia Clement
31%
No matching quizzes found
Score Distribution
Percent of People with Each Score
Percentile by Number Answered
Your Score History
You have not taken this quiz